Situación actual del manejo de desechos sólidos en el Municipio Santa María de Pantasma.
Evalúa el sistema de manejo actual de los desechos sólidos del municipio Santa María de Pantasma-Jinotega, los cuales son en esencia, producto de las actividades de zonas pobladas incluyendo desechos domiciliares, comerciales, de oficinas y los provenientes de limpieza de calles, áreas verdes y...
| Main Authors: | , , |
|---|---|
| Other Authors: | |
| Format: | Tesis Section = Libro |
| Language: | Undetermined Spanish |
| Published: |
Managua
UNI
2006
|
| Subjects: |
| LEADER | 01706nam a2200289Ia 4500 | ||
|---|---|---|---|
| 008 | 240830s9999 xx 000 0 und d | ||
| 040 | |a BIBLIOTECA-RUPAP Mon 628.44 A663 | ||
| 041 | |a spa | ||
| 082 | |a Mon 628.44 A663 | ||
| 100 | 1 | |a Aráuz Estrada, Yakón | |
| 100 | 1 | |b Cruz Gutiérrez, Esther Martín | |
| 100 | 1 | |c Castellón Mendoza, Williams Yasser | |
| 245 | 1 | 0 | |a Situación actual del manejo de desechos sólidos en el Municipio Santa María de Pantasma. |
| 260 | |a Managua |b UNI |c 2006 | ||
| 300 | |a 92 p. :il. | ||
| 500 | |a Contiene: anexos. | ||
| 502 | |a Tesis (Ingeniero Civil)- UNI, 2006. | ||
| 520 | 3 | |a Evalúa el sistema de manejo actual de los desechos sólidos del municipio Santa María de Pantasma-Jinotega, los cuales son en esencia, producto de las actividades de zonas pobladas incluyendo desechos domiciliares, comerciales, de oficinas y los provenientes de limpieza de calles, áreas verdes y sitios públicos, cuya gestión está a cargo de la autoridades municipales La gestión integral de desechos sólidos consiste en el control de la producción, almacenamiento, recolección, transporte procesamiento y disposición final de los desechos de forma que se armonice con los mejores principios de la salud pública, la economía, la ingeniería, el medio ambiente, la estética y que además preserve el medio ambiente. | |
| 650 | 7 | |a DESECHOS SOLIDOS - BASURA - SANTA MARIA PANTASMA | |
| 650 | 7 | |b RECOLECCION -TRATAMIENTOY ELIMINACION | |
| 650 | 7 | |c LIMPIEZA DE CALLE | |
| 650 | 7 | |d MANEJO DE DESECHOS SOLIDOS | |
| 650 | 7 | |e PLANTA DE COMPOSTAJE - PROCESO | |
| 700 | 1 | |a Tutor: |b Moreno Ayestas, Sandra | |
| 942 | |c BK |2 ddc | ||
| 991 | |a TESIS | ||
| 999 | |c 16400 | ||